[Event "Koge Lang Jubilee Weekend Gr-4"]
[Site "Koge"]
[Date "2022.07.06"]
[Round "1"]
[White "Tolba, Henri"]
[Black "Skarved, Mattias"]
[Result "1/2-1/2"]
[WhiteElo "1612"]
[BlackElo "1470"]
[PlyCount "89"]
[EventDate "2022.07.06"]
[EventType "swiss"]
[EventRounds "9"]
[EventCountry "DEN"]
[SourceTitle "EXT 2024"]
[Source "ChessBase"]
[SourceDate "2023.10.10"]
[SourceVersion "1"]
[SourceVersionDate "2023.10.10"]
[SourceQuality "1"]

1. e4 e5 2. Nf3 Nc6 3. Bb5 a6 4. Bxc6 dxc6 5. 0-0 Bg4 6. h3 Bh5 7. d3 Bc5 8. Be3 Bxe3 9. fxe3 Qd6 10. Nbd2 0-0-0 11. Nc4 Qc5 12. b4 Qe7 13. Ncxe5 f6 14. Nc4 Qxb4 15. Qd2 Qc5 16. Nd4 Bf7 17. Qa5 Qxa5 18. Nxa5 Ne7 19. Rfb1 c5 20. Nf5 Nxf5 21. exf5 b6 22. Nb3 Rhe8 23. e4 c4 24. Nc1 Rd7 25. Rb4 b5 26. a4 c6 27. axb5 axb5 28. Kf2 Kc7 29. Rb2 Kd6 30. Ne2 Ke5 31. Ke3 Ree7 32. d4+ Kd6 33. c3 Bd5 34. Ng3 g5 35. Kf3 Bf7 36. Ra6 Kc7 37. Rba2 c5 38. Ra7+ Kb8 39. Ra8+ Kb7 40. R2a7+ Kb6 41. Ra6+ Kb7 42. d5 b4 43. R8a7+ Kb8 44. Ra8+ Kb7 45. R8a7+ 1/2-1/2

[Event "Helsingor Xtracon op"]
[Site "Helsingor"]
[Date "2019.07.21"]
[Round "2"]
[White "Rossen, Claus"]
[Black "Tolba, Henri"]
[Result "1-0"]
[WhiteElo "2217"]
[BlackElo "1752"]
[PlyCount "53"]
[EventDate "2019.07.20"]
[EventType "swiss"]
[EventRounds "10"]
[EventCountry "DEN"]
[SourceTitle "CBM 191 Extra"]
[Source "ChessBase"]
[SourceDate "2019.09.30"]
[SourceVersion "1"]
[SourceVersionDate "2019.09.30"]
[SourceQuality "1"]

1. e4 c5 2. Nf3 e6 3. d4 cxd4 4. Nxd4 Nf6 5. Nc3 d6 6. g3 a6 7. Bg2 e5 8. Nb3 Bg4 9. Qd3 Nc6 10. Bg5 Nb4 11. Qd2 Rc8 12. a3 Nc6 13. Nd5 Be7 14. Bxf6 Bxf6 15. h4 Nd4 16. Nxd4 exd4 17. 0-0 0-0 18. Rac1 Re8 19. Rfe1 Rc5 20. Qf4 Rxd5 21. exd5 Rxe1+ 22. Rxe1 h5 23. Bf1 Be5 24. Qd2 Qf6 25. f4 Qh6 26. Qd3 Bf6 27. Re8# 1-0

[Event "DEN-ch rapid op B"]
[Site "Hvidovre"]
[Date "2018.09.09"]
[Round "1"]
[White "Tolba, Henri"]
[Black "Mejlvang, Magnus"]
[Result "1/2-1/2"]
[WhiteElo "1721"]
[BlackElo "1827"]
[PlyCount "109"]
[EventDate "2018.09.09"]
[EventType "tourn (rapid)"]
[EventRounds "7"]
[EventCountry "DEN"]
[SourceTitle "EXT 2024"]
[Source "ChessBase"]
[SourceDate "2023.10.10"]
[SourceVersion "1"]
[SourceVersionDate "2023.10.10"]
[SourceQuality "1"]

1. e4 e6 2. d4 d5 3. exd5 exd5 4. Nf3 Nf6 5. Bd3 Bd6 6. 0-0 0-0 7. Bg5 Bg4 8. h3 Bh5 9. Nbd2 Nbd7 10. c3 Re8 11. Re1 Rxe1+ 12. Qxe1 c6 13. Qe3 Qc7 14. Bxf6 Nxf6 15. Ne5 Re8 16. f4 Nd7 17. Qg3 Bg6 18. Bxg6 hxg6 19. Rf1 Nxe5 20. fxe5 Be7 21. Qg4 Qc8 22. Qxc8 Rxc8 23. g4 c5 24. dxc5 Bxc5+ 25. Kg2 Re8 26. Nf3 Bb6 27. Rd1 Rd8 28. g5 Bc7 29. Kf2 Kf8 30. Ke2 a6 31. Ke3 Ke7 32. Kf4 Bb6 33. b4 Rc8 34. Rxd5 Rxc3 35. b5 Rc4+ 36. Kg3 Ke6 37. Rd6+ Kf5 38. Rxb6 axb5 39. Rxb5 Ra4 40. Rxb7 Ke6 41. Rb6+ Ke7 42. Rb2 Re4 43. h4 Ra4 44. Rc2 Kd7 45. Kf2 Rf4 46. Ke3 Ra4 47. Nd2 Rxh4 48. Nf3 Ra4 49. Rd2+ Ke7 50. Rb2 Ra3+ 51. Ke2 Ra4 52. Rb7+ Ke6 53. Rb6+ Ke7 54. Rb7+ Ke6 55. Ng1 1/2-1/2

[Event "Helsingor Xtracon op"]
[Site "Helsingor"]
[Date "2017.07.29"]
[Round "9"]
[White "Fransson, Pia"]
[Black "Tolba, Henri"]
[Result "1/2-1/2"]
[WhiteElo "1482"]
[BlackElo "1729"]
[PlyCount "91"]
[EventDate "2017.07.22"]
[EventType "swiss"]
[EventRounds "10"]
[EventCountry "DEN"]
[SourceTitle "CBM 179 Extra"]
[Source "ChessBase"]
[SourceDate "2017.08.23"]
[SourceVersion "1"]
[SourceVersionDate "2017.08.23"]
[SourceQuality "1"]

1. d4 Nf6 2. c4 e6 3. Nf3 b6 4. g3 Ba6 5. Qc2 Bb4+ 6. Bd2 Be7 7. Bg2 Bb7 8. 0-0 Be4 9. Qc1 d5 10. Nc3 Bg6 11. cxd5 exd5 12. Ne5 c5 13. Nxg6 hxg6 14. e4 dxe4 15. Nxe4 Nbd7 16. Nxf6+ Bxf6 17. Re1+ Kf8 18. Bxa8 Qxa8 19. dxc5 Nxc5 20. Bb4 Rh5 21. Qc2 Kg8 22. Rad1 Qc8 23. Bxc5 bxc5 24. b3 Qh3 25. f4 Bd4+ 26. Kh1 Qxg3 27. Rf1 Qh3 28. Qg2 Qxg2+ 29. Kxg2 g5 30. b4 gxf4 31. bxc5 Bxc5 32. Rxf4 Bb6 33. a3 Ra5 34. a4 Re5 35. Rd2 Re8 36. Rd7 f6 37. Kf3 Re3+ 38. Kg4 Re5 39. Rf5 Re4+ 40. Rf4 Re5 41. h4 Be3 42. Rc4 a5 43. Rcc7 Bh6 44. Re7 Rd5 45. Rcd7 Rc5 46. Rc7 1/2-1/2

[Event "Helsingor Xtracon op"]
[Site "Helsingor"]
[Date "2017.07.27"]
[Round "7"]
[White "Tolba, Henri"]
[Black "Stage, Mathias Juul"]
[Result "1-0"]
[WhiteElo "1729"]
[BlackElo "1544"]
[PlyCount "37"]
[EventDate "2017.07.22"]
[EventType "swiss"]
[EventRounds "10"]
[EventCountry "DEN"]
[SourceTitle "CBM 179 Extra"]
[Source "ChessBase"]
[SourceDate "2017.08.23"]
[SourceVersion "1"]
[SourceVersionDate "2017.08.23"]
[SourceQuality "1"]

1. e4 e5 2. Nf3 Nf6 3. Nc3 d6 4. d4 exd4 5. Nxd4 g6 6. Bg5 Bg7 7. Qd2 Nbd7 8. f4 0-0 9. 0-0-0 Qe8 10. Bd3 Nb6 11. Rde1 Be6 12. b3 Qc8 13. f5 Bd7 14. Rhf1 Nfd5 15. f6 Nxc3 16. fxg7 Nxa2+ 17. Kb2 Kxg7 18. Bf6+ Kg8 19. Qh6 1-0

[Event "DEN-ch G7-3"]
[Site "Skorping"]
[Date "2017.04.17"]
[Round "7"]
[White "Tolba, Henri"]
[Black "Andersen, Aage Kristian"]
[Result "1-0"]
[WhiteElo "1679"]
[BlackElo "1678"]
[PlyCount "79"]
[EventDate "2017.04.11"]
[EventType "swiss"]
[EventRounds "7"]
[EventCountry "DEN"]
[SourceTitle "EXT 2023"]
[Source "ChessBase"]
[SourceDate "2022.10.05"]
[SourceVersion "1"]
[SourceVersionDate "2022.10.05"]
[SourceQuality "1"]

1. e4 e5 2. Nf3 Nc6 3. Bb5 a6 4. Bxc6 dxc6 5. 0-0 Bd6 6. d4 exd4 7. Qxd4 Bf8 8. Qxd8+ Kxd8 9. Rd1+ Ke8 10. Bf4 Bg4 11. Bxc7 Rc8 12. Ba5 Nf6 13. h3 Bxf3 14. gxf3 Bc5 15. Nc3 b6 16. Na4 Bxf2+ 17. Kxf2 bxa5 18. Nc5 Rb8 19. b3 Rb6 20. a4 Ke7 21. Rd3 Rd8 22. Rxd8 Kxd8 23. Rd1+ Ke7 24. Ke3 g5 25. h4 g4 26. f4 h5 27. c4 Rb8 28. e5 Ng8 29. Rd7+ Ke8 30. Rd6 Ne7 31. Rf6 Rd8 32. Nb7 Rd1 33. Nd6+ Kf8 34. Rxf7+ Kg8 35. Rxe7 Rb1 36. Rb7 Rh1 37. Nf5 Rh3+ 38. Ke4 Rc3 39. e6 g3 40. Rg7+ 1-0

[Event "Helsingor Xtracon op"]
[Site "Helsingor"]
[Date "2016.07.23"]
[Round "1"]
[White "Tolba, Henri"]
[Black "Vesterli, Michael"]
[Result "0-1"]
[WhiteElo "1688"]
[BlackElo "2141"]
[PlyCount "44"]
[EventDate "2016.07.23"]
[EventType "swiss"]
[EventRounds "10"]
[EventCountry "DEN"]
[SourceTitle "CBM 173 Extra"]
[Source "ChessBase"]
[SourceDate "2016.08.29"]
[SourceVersion "1"]
[SourceVersionDate "2016.08.29"]
[SourceQuality "1"]

1. d4 Nf6 2. c4 g6 3. Nc3 Bg7 4. e4 d6 5. Bg5 0-0 6. Nf3 Na6 7. Bd3 h6 8. Be3 Ng4 9. Bd2 e5 10. h3 exd4 11. hxg4 dxc3 12. Bxh6 cxb2 13. Rb1 Bxh6 14. Rxh6 Bxg4 15. Qd2 Qf6 16. Ke2 Kg7 17. Rbh1 Rh8 18. Rxh8 Rxh8 19. Rxh8 Kxh8 20. Kf1 Bxf3 21. gxf3 Qd4 22. Qe3 Qc3 0-1

[Event "Taastrup Quick Weekend 23th Basis 5"]
[Site "Taastrup"]
[Date "2016.05.20"]
[Round "3"]
[White "Mejlvang, Mikkel"]
[Black "Tolba, Henri"]
[Result "1/2-1/2"]
[WhiteElo "1521"]
[BlackElo "1697"]
[PlyCount "76"]
[EventDate "2016.05.20"]
[EventType "tourn"]
[EventRounds "5"]
[EventCountry "DEN"]
[SourceTitle "EXT 2024"]
[Source "ChessBase"]
[SourceDate "2023.10.10"]
[SourceVersion "1"]
[SourceVersionDate "2023.10.10"]
[SourceQuality "1"]

1. e4 c5 2. Nf3 Nc6 3. d4 cxd4 4. Nxd4 Nf6 5. Nc3 a6 6. Bg5 h6 7. Bxf6 gxf6 8. Be2 e6 9. Qd2 Bc5 10. Nb3 Be7 11. Bh5 b6 12. Rd1 Qc7 13. f4 d6 14. Qf2 Bd7 15. Rd3 0-0-0 16. Bxf7 Rdf8 17. Bh5 f5 18. exf5 Rxf5 19. Bg4 Rff8 20. g3 Ne5 21. 0-0 Nxd3 22. cxd3 Kb7 23. Re1 Bf6 24. Bxe6 Bxc3 25. bxc3 Bxe6 26. Rxe6 Re8 27. Rf6 Qe7 28. Qf3+ Kc7 29. Rg6 Qe1+ 30. Kg2 Qe2+ 31. Qf2 Qxd3 32. Rg7+ Kc8 33. Qxb6 Re2+ 34. Kh3 Qf5+ 35. Rg4 Qh5+ 36. Rh4 Qf5+ 37. Rg4 Qh5+ 38. Rh4 Qf5+ 1/2-1/2

[Event "Amager Aabne CC-ch"]
[Site "Sundbyoster"]
[Date "2016.02.10"]
[Round "2"]
[White "Pedersen, Ole"]
[Black "Tolba, Henri"]
[Result "1-0"]
[WhiteElo "1647"]
[BlackElo "1813"]
[PlyCount "65"]
[EventDate "2016.01.19"]
[EventType "swiss"]
[EventRounds "7"]
[EventCountry "DEN"]
[SourceTitle "EXT 2025"]
[Source "ChessBase"]
[SourceDate "2024.10.14"]
[SourceVersion "1"]
[SourceVersionDate "2024.10.14"]
[SourceQuality "1"]

1. e4 c5 2. d3 Nc6 3. f4 g6 4. Nf3 d6 5. g3 Bg7 6. Bg2 e5 7. 0-0 exf4 8. gxf4 Bg4 9. c3 Qd7 10. Be3 Nge7 11. Qd2 a5 12. d4 Bxf3 13. Rxf3 cxd4 14. cxd4 d5 15. e5 Nf5 16. Bf2 0-0 17. Nc3 Rfd8 18. Rc1 Bf8 19. Bh3 Bb4 20. a3 Bxc3 21. Rfxc3 Rdc8 22. Qd3 Nce7 23. Bh4 Rxc3 24. Rxc3 Qa4 25. Bxe7 Nxe7 26. Rc5 Ra6 27. Rb5 Rc6 28. Rxb7 Rc1+ 29. Kf2 Nf5 30. Bxf5 gxf5 31. Rb8+ Kg7 32. Qg3+ Kh6 33. Qg5# 1-0

[Event "Koge Xtracon op"]
[Site "Koge"]
[Date "2015.10.17"]
[Round "8"]
[White "Rendlev, Niels Moller"]
[Black "Tolba, Henri"]
[Result "1/2-1/2"]
[WhiteElo "1777"]
[BlackElo "1717"]
[PlyCount "49"]
[EventDate "2015.10.12"]
[EventType "swiss"]
[EventRounds "9"]
[EventCountry "DEN"]
[SourceTitle "CBM 168 Extra"]
[Source "ChessBase"]
[SourceDate "2015.10.29"]
[SourceVersion "1"]
[SourceVersionDate "2015.10.29"]
[SourceQuality "1"]

1. f4 d5 2. e3 Nf6 3. d4 Bg4 4. Nf3 e6 5. Be2 Nbd7 6. Nbd2 c6 7. c3 Bd6 8. 0-0 Qc7 9. Ne5 Bxe2 10. Qxe2 g6 11. Ndf3 h6 12. Bd2 Rh7 13. b4 Ne4 14. a4 Rg7 15. Be1 f6 16. Nd3 b6 17. a5 b5 18. Nc5 Bxc5 19. dxc5 f5 20. Nd4 Kf7 21. Rc1 Ndf6 22. Nf3 Nd7 23. Nh4 h5 24. Rc2 a6 25. Qf3 1/2-1/2

[Event "Amager-ch"]
[Site "Amager"]
[Date "2015.09.22"]
[Round "5"]
[White "Skovgaard, Ib"]
[Black "Tolba, Henri"]
[Result "1/2-1/2"]
[WhiteElo "1978"]
[BlackElo "1633"]
[PlyCount "66"]
[EventDate "2015.08.18"]
[EventType "swiss"]
[EventRounds "7"]
[EventCountry "DEN"]
[SourceTitle "EXT 2023"]
[Source "ChessBase"]
[SourceDate "2022.10.05"]
[SourceVersion "1"]
[SourceVersionDate "2022.10.05"]
[SourceQuality "1"]

1. e4 c5 2. Nf3 Nc6 3. d4 cxd4 4. Nxd4 e5 5. Nb5 a6 6. Nd6+ Bxd6 7. Qxd6 Qf6 8. Qa3 Qg6 9. Be3 Nge7 10. Nc3 f5 11. 0-0-0 0-0 12. Bc4+ Kh8 13. Nd5 d6 14. Nxe7 Nxe7 15. Rxd6 Qe8 16. Rhd1 Nc6 17. Bb6 fxe4 18. h3 Bf5 19. g4 Bg6 20. Re6 Qc8 21. Red6 Nd4 22. b3 Nb5 23. Bxb5 axb5 24. Qb2 b4 25. Rd7 e3 26. Bxe3 Ra6 27. Bh6 gxh6 28. Qxe5+ Raf6 29. c4 Qe8 30. Re7 Qb8 31. Rc7 Qe8 32. Re7 Qb8 33. Rc7 Qe8 1/2-1/2

[Event "Politiken Cup 37th"]
[Site "Helsingor"]
[Date "2015.07.28"]
[Round "5"]
[White "Weishaeutel, Moritz"]
[Black "Tolba, Henri"]
[Result "1-0"]
[WhiteElo "1926"]
[BlackElo "1739"]
[PlyCount "29"]
[EventDate "2015.07.25"]
[EventType "swiss"]
[EventRounds "10"]
[EventCountry "DEN"]
[SourceTitle "CBM 167 Extra"]
[Source "ChessBase"]
[SourceDate "2015.09.14"]
[SourceVersion "1"]
[SourceVersionDate "2015.09.14"]
[SourceQuality "1"]

1. e4 d5 2. exd5 Qxd5 3. Nc3 Qa5 4. d4 Nf6 5. Bd2 c6 6. Bd3 Qb6 7. Nf3 Bg4 8. 0-0 Bxf3 9. Qxf3 Qxd4 10. Bf4 Nbd7 11. Rad1 Nd5 12. Nxd5 cxd5 13. Bb5 Qb6 14. Bxd7+ Kxd7 15. Qxd5+ 1-0